|
|
|
|
| LEADER |
00000naa2a2200000 4500 |
| 001 |
422127 |
| 005 |
20240115090359.0 |
| 035 |
|
|
|a (RuTPU)RU\TPU\prd\79956
|
| 035 |
|
|
|a RU\TPU\tpu\12563
|
| 090 |
|
|
|a 422127
|
| 100 |
|
|
|a 20100408a1988 k y0rusy50 ca
|
| 101 |
0 |
|
|a rus
|
| 102 |
|
|
|a RU
|
| 200 |
1 |
|
|a Образование F-центров и автолокализованных экситонов в сильновозбужденных ЩГК
|f В. А. Кравченко, В. Ю. Яковлев
|
| 320 |
|
|
|a Библиогр.: 13 назв.
|
| 461 |
|
0 |
|0 (RuTPU)RU\TPU\prd\409
|x 0367-3294
|t Физика твердого тела
|f Академия наук СССР
|d 1959-
|
| 463 |
|
0 |
|0 (RuTPU)RU\TPU\prd\79955
|t Т. 30, № 3
|v с. 706-710
|d 1988
|
| 610 |
1 |
|
|a F-центры
|
| 610 |
1 |
|
|a автолокализованные экситоны
|
| 610 |
1 |
|
|a сильновозбужденные ЩГК
|
| 610 |
1 |
|
|a образование
|
| 610 |
1 |
|
|a труды учёных ТПУ
|
| 700 |
|
1 |
|a Кравченко
|b В. А.
|g Виктор Алексеевич
|
| 701 |
|
1 |
|a Яковлев
|b В. Ю.
|c специалист в области светотехники
|c профессор Томского политехнического университета, доктор физико-математических наук
|f 1949-
|g Виктор Юрьевич
|3 (RuTPU)RU\TPU\pers\22024
|9 9321
|
| 801 |
|
1 |
|a RU
|b 63413507
|c 20050705
|g PSBO
|
| 801 |
|
2 |
|a RU
|b 63413507
|c 20170124
|g RCR
|
| 942 |
|
|
|c BK
|